000 00368nam a22001577a 4500
999 _c11199
_d11199
003 OSt
008 220511b ||||| |||| 00| 0 eng d
020 _a978-0-06-055566-5
100 _aGRAHAM,Benjamin
245 _aIntelligent Investor
250 _a28th imp
260 _aNew Delhi
_bHarper
_c2019
300 _a623
650 _aGeneral book
942 _2ddc
_cBK
_03